000 00272nam a22001097a 4500
082 _a332.1INS
100 _aR . J CLARK,FBI
245 _aBRITISH BANKING:CHANGES AND CHALLENGES
260 _aLONDON
_bTHE INSTITUTE OF BANKERS
_c1968
300 _a46p.
_bill;21cm
942 _cBK
999 _c19823
_d19823